[Event "Tula Kozlov Memorial"]
[Site "Tula"]
[Date "2014.12.25"]
[Round "12"]
[White "Idrisov, Tebriz Arif Oglu"]
[Black "Rzayev, Mehman"]
[Result "1/2-1/2"]
[WhiteElo "2249"]
[BlackElo "2345"]
[PlyCount "46"]
[EventDate "2014.12.16"]
[EventType "tourn"]
[EventRounds "13"]
[EventCountry "RUS"]
[EventCategory "2"]
[SourceTitle "EXT 2017"]
[Source "ChessBase"]
[SourceDate "2016.10.25"]
[SourceVersion "1"]
[SourceVersionDate "2016.10.25"]
[SourceQuality "1"]

1. e4 c5 2. Nf3 d6 3. Bb5+ Bd7 4. Bxd7+ Qxd7 5. 0-0 Nc6 6. d4 cxd4 7. Nxd4 g6 8. Nc3 Bg7 9. Be3 Na5 10. b3 Rc8 11. Qd2 Nc6 12. Rad1 Nf6 13. f3 0-0 14. Nce2 Nxd4 15. Bxd4 b6 16. c4 Qb7 17. Nc3 Rfe8 18. Kh1 Nh5 19. Bxg7 Nxg7 20. Nd5 b5 21. cxb5 Qxb5 22. Rc1 Qb7 23. Rfd1 Ne6 1/2-1/2

[Event "Tula Kozlov Memorial"]
[Site "Tula"]
[Date "2014.12.24"]
[Round "11"]
[White "Rzayev, Mehman"]
[Black "Arakeljan, Armen M"]
[Result "1/2-1/2"]
[WhiteElo "2345"]
[BlackElo "2280"]
[PlyCount "64"]
[EventDate "2014.12.16"]
[EventType "tourn"]
[EventRounds "13"]
[EventCountry "RUS"]
[EventCategory "2"]
[SourceTitle "EXT 2017"]
[Source "ChessBase"]
[SourceDate "2016.10.25"]
[SourceVersion "1"]
[SourceVersionDate "2016.10.25"]
[SourceQuality "1"]

1. e4 c5 2. c3 d5 3. exd5 Qxd5 4. d4 Nf6 5. Nf3 Bg4 6. Be2 cxd4 7. Qxd4 Qxd4 8. Nxd4 Bxe2 9. Kxe2 a6 10. Rd1 Nbd7 11. Bg5 e6 12. Bh4 Nd5 13. Kf1 Nc5 14. c4 Nf4 15. Nc3 Be7 16. Bxe7 Kxe7 17. Rd2 Rhd8 18. Rad1 Rac8 19. b3 g6 20. g3 Nh5 21. f3 Nf6 22. Kf2 Rd7 23. g4 a5 24. g5 Ne8 25. Ke2 Rcd8 26. Ndb5 Rxd2+ 27. Rxd2 Rxd2+ 28. Kxd2 Ng7 29. Ke2 Nh5 30. Ke3 Ng7 31. Ne4 Nf5+ 32. Kd2 Nd7 1/2-1/2

[Event "Tula Kozlov Memorial"]
[Site "Tula"]
[Date "2014.12.22"]
[Round "9"]
[White "Rzayev, Mehman"]
[Black "Domogaev, Sergey"]
[Result "1/2-1/2"]
[WhiteElo "2345"]
[BlackElo "2466"]
[PlyCount "42"]
[EventDate "2014.12.16"]
[EventType "tourn"]
[EventRounds "13"]
[EventCountry "RUS"]
[EventCategory "2"]
[SourceTitle "EXT 2017"]
[Source "ChessBase"]
[SourceDate "2016.10.25"]
[SourceVersion "1"]
[SourceVersionDate "2016.10.25"]
[SourceQuality "1"]

1. e4 e5 2. Nf3 Nc6 3. Bb5 a6 4. Bxc6 dxc6 5. 0-0 Qd6 6. d4 exd4 7. Nxd4 Bd7 8. Be3 0-0-0 9. Nd2 Nh6 10. h3 c5 11. N4b3 Qe5 12. c3 f5 13. f4 Qe6 14. e5 b6 15. Qe2 Bb5 16. c4 Bc6 17. Nf3 Nf7 18. Nbd2 Kb7 19. Rad1 Be7 20. b3 a5 21. Kh1 h6 1/2-1/2